00915nam a2200217Ia 4500001000700000003000500007008004100012010001100053040000900064100002700073245013400100260003300234300001800267502018500285650004100470650002800511650003200539700003700571700004400608700004500652Z_5202CHAP220113s2004 xx 000 0 und d a168263 cCHAP aAdame Cabañas, Noé aDiagnóstico de la ganadería bovina de Pablo Galeana, municipio de Acapulco, estado de Querrero /cpor Noé Adame Cabañas aMéxico :bEl autor,c2004 a69 h. + anexo aTesis (Ingeniero Agrónmo Especialista en Zootecnia) -- UACh, 2004 \ Dirección: Hermilo Suárez Domínguez ; asesoría: Myriam L. Sagarnaga Villegas y Gilberto Aranda Osorio aGanado vacunoxAspectos económicos aGanado vacunoxGuerrero aGanado vacunoxProducción a Aranda Osorio, Gilberto, asesor a Sagarnaga Villegas, Myriam L., asesor  aSuárez Domínguez, Hermilo, director